000 00853cam a22002774a 4500
001 14241453
005 20180316042956.0
008 060125s2007 mauab 001 0 eng
010 _a 2006002607
020 _a0072986573 (hard copy : alk. paper)
020 _a0073227374 (pbk.)
020 _a9780072986570
020 _a9780073227375
035 _a(OCoLC)ocm63245375
040 _aDLC
_cDLC
_dYDX
_dBAKER
_dDLC
041 _aeng
042 _apcc
080 _a570 eld
082 0 0 _a570 eld
_222
100 1 _a11
101 _abio
245 1 0 _aConcepts in biology /
_cEldon D. Enger, Frederick C. Ross, David B. Bailey.
906 _a0
_bcbc
_corignew
_d1
_eecip
_f20
_gy-gencatlg
942 _2ddc
_cBK
999 _c45193
_d45193